| 000 | 00720nam a2200229 i 4500 | ||
|---|---|---|---|
| 001 | bg | ||
| 245 | 0 |
_aNowoczesne tuczarnie i chlewnie / _cMarek Miedziński [et al.] ; Inst. Budownictwa, Mechanizacji i Elektryfikacji Rolnictwa. |
|
| 250 | _a[Wyd. 2 rozsz. i zaktual.]. | ||
| 260 |
_aWarszawa : _bIBMER, _c1995. |
||
| 300 |
_a90, [1] s. : _brys., wykr. ; _c31 cm. |
||
| 650 | 9 | _aprodukcja zwierzęca | |
| 650 | 9 | _abudynki inwentarskie | |
| 650 | 9 | _atuczarnie | |
| 650 | 9 | _achlewnie | |
| 700 | 1 | _aMiedziński, Marek. | |
| 710 | _aInstytut Budownictwa, Mechanizacji i Elektryfikacji Rolnictwa | ||
| 040 | _cBPK | ||
| 041 | _apl | ||
| 080 | _a631.2 | ||
| 942 | _cKA | ||
| 008 | s pl f |000 0 pol | ||
| 999 |
_c24167 _d24167 |
||
| 856 |
_uhttp://koha.tu.koszalin.pl/cgi-bin/koha/opac-detail.pl?biblionumber=24167 _yKatalog online BPK |
||